书目信息 |
| 题名: |
微机及常用外围设备的结构原理与维修
|
|
| 作者: | 黄立生 主编 | |
| 分册: | ||
| 出版信息: | 北京 中国标准出版社 1998.03 |
|
| 页数: | 371页 | |
| 开本: | 26cm | |
| 丛书名: | ||
| 单 册: | ||
| 中图分类: | TP307 | |
| 科图分类: | ||
| 主题词: | 计算技术 , 电子计算机 | |
| 电子资源: | ||
| ISBN: | 7-5066-1552-5 | |
| 000 | 00689nam0 2200217 450 | |
| 001 | 0846213700 | |
| 005 | 20080108125237.73 | |
| 010 | @a7-5066-1552-5@dCNY40.00 | |
| 100 | @a20080108d1998 km y0chiy0120 ea | |
| 101 | 0 | @achi |
| 102 | @aCN@b110000 | |
| 200 | 1 | @a微机及常用外围设备的结构原理与维修@Awei ji ji chang yong wai wei she bei de jie gou yuan li yu wei xiu@f黄立生主编@Fhuang li sheng zhu bian |
| 210 | @a北京@c中国标准出版社@d1998.03 | |
| 215 | @a371页@d26cm | |
| 606 | 0 | @a计算技术 |
| 606 | 0 | @a电子计算机 |
| 690 | @aTP307@v4 | |
| 701 | 0 | @a黄立生@Ahuang li sheng@4主编 |
| 801 | 0 | @aCN@b大连网信软件有限公司图书馆@c20080108 |
| 905 | @aBZT@dTP307@e2 | |
| 906 | @dCNY40.00@n0@r1 | |
| 微机及常用外围设备的结构原理与维修/黄立生主编.-北京:中国标准出版社,1998.03 |
| 371页;26cm |
| ISBN 7-5066-1552-5:CNY40.00 |
| ● |
| 相关链接 |
|
|
|
正题名:微机及常用外围设备的结构原理与维修
索取号:TP307/2
 
预约/预借
| 序号 | 登录号 | 条形码 | 馆藏地/架位号 | 状态 | 备注 |
| 1 | 624290 | 2000624290 | 中心书库中库/ 中库028架B面8列5层23/ [索取号:TP307/2] | 在馆 | |
| 2 | 624291 | 2000624291 | 中心书库中库/ 中库028架B面8列6层17/ [索取号:TP307/2] | 在馆 | |
| 3 | 624292 | 2000624292 | 中心书库中库/ 中库028架B面8列5层18/ [索取号:TP307/2] | 在馆 | |
| 4 | 624293 | 2000624293 | 中心书库中库/ 中库028架B面8列5层17/ [索取号:TP307/2] | 在馆 | |
| 5 | 624294 | 2000624294 | 中心书库中库/ 中库028架B面8列5层22/ [索取号:TP307/2] | 在馆 | |
| 6 | 624295 | 2000624295 | 中心书库中库/ 中库028架B面8列5层20/ [索取号:TP307/2] | 在馆 | |
| 7 | 624296 | 2000624296 | 中心书库中库/ 中库028架B面8列5层7/ [索取号:TP307/2] | 在馆 | |
| 8 | 624297 | 2000624297 | 中心书库中库/ 中库028架B面8列5层19/ [索取号:TP307/2] | 在馆 | |
| 9 | 624298 | 2000624298 | 中心书库中库/ 中库028架B面8列5层21/ [索取号:TP307/2] | 在馆 | |
| 10 | 624299 | 2000624299 | 中心书库中库/ 中库028架B面8列6层16/ [索取号:TP307/2] | 在馆 |